Inseln Islands - mit Karte - Statistiken

Allgemein
  • Dieses Quiz wurde 19 mal gespielt
  • Das Durchschnittsergebnis liegt bei 7 aus 15
Antworten auf der Karte
Die Antworten werden auf der Karte rot bzw. grün angezeigt, abhängig davon wie oft sie richtig erraten wurden.
 
Antwortstatistiken
Insel Einwohner Größe in km² Inselkette/ Bucht/ Fjord etc. % Korrekt
1 I Island 361.000 103.125 Hauptinsel
82%
1 I Island 361.000 103.125 Hauptinsel
82%
2 H Heimaey 4.301 13,4 Vestmannaeyjar/ Westmännerinseln
73%
2 H Heimaey 4.301 13,4 Vestmannaeyjar/ Westmännerinseln
73%
4 G Grímsey 103 5,3 Polarkreis
64%
5 G Grímsey 103 5,3 Polarkreis
64%
5 F Flatey 5 ? Breiðafjörður/ Breiter Fjord
36%
7 F Flatey 0 2,7 Skjálfandi/ Erdbebenbucht
36%
4 H Hjörsey 0 5,5 Faxaflói/ Faxis Bucht
36%
9 Æ Æðey 0 1,76 Ísafjarðardjúp/ Eisfjordtiefe
27%
3 H Hrísey 167 7,67 Eyjafjörður/ Inselfjord
27%
3 H Hrísey 167 7,67 Eyjafjörður/ Inselfjord
27%
6 B Brokey 0 3,7 Breiðafjörður/ Breiter Fjord
18%
10 M Málmey 0 1,7 Skagafjörður/ Halbinselfjord
18%
8 P Papey 0 1,82 Álftafjörður/ Schwanenfjord
18%
Keine übereinstimmenden Quizze gefunden
Verteilung der Resultate
Anzahl Personen mit jedem Resultat
Perzentil nach korrekt beantworteten Fragen
Ihre Resultats-Entwicklung
Sie haben dieses Quiz noch nicht gespielt